00367nam a2200121 a 4500008004100000050001500041100001600056245007500072250001200147260004500159350000900204650003200213110824s2010 ||||||||||||||||| || u aHC 915 Zam aRiaz, Harun10aZambia at 46: annual business magazine cedited by Nondo, Bwalya Lyapa a9th ed. aNew DelhibZambian High Commissionc2010 a0.00 aZAMBIA--ECONOMIC CONDITIONS